Kurikka-visa - Statistics

Yleistilastot
  • Tätä visaa on pelattu 14 kertaa
  • Keskiarvotulos 5 / 15
Vastaustilastot
Vihje Vastaus % Oikein
Maastohiihtäjänä ja kansanedustajana tunnettu kurikkalainen Juha Mieto
86%
Vuonna 2009 Kurikkaan liitetty kunta Jurva
64%
Vuosi, jolloin Jalasjärvi liitettiin Kurikkaan? 2016
50%
Kolmostien varressa sijaitseva meijerialan yritys Juustoportti
43%
Jalasjärveläis lähtöinen bändi, joka tekee huumorisävytteistä musiikkia Rehupiikles
43%
Legendaarinen nuorisoseura, josta tuli elokuva vuonna 2024 Mietaa
36%
Kurikassa järjestettävä festivaali Haku päällä
29%
Kurikasta lähtöisin oleva arkkipiispa Tapio Luoma
29%
Jalasjärvellä sijaitseva pellavista tunnettu tekstiilitehdas Jokipiin pellava
21%
Kurikkalainen menestynyt suunnistusseura Rasti-Kurikka
21%
Palvelu, jonka Kurikan kunta antaa ilmaiseksi perheellisille. Varhaiskasvatus
21%
Jurvassa sijaitseva moottorirata Botniaring
14%
Yllä mainitussa liitoskunnassa toimiva huonekalualan yritys Hakola
7%
Suomen entinen pääministeri, joka on lähtöisin Alavallista Mari Kiviniemi
7%
Suomen itsenäisyyden aikainen velvollisuus, joka on alkanut Jalasjärvellä vuonna 1918 Asevelvollisuus
0%
Ehtoja vastaavia visoja ei löytynyt
Tulosjakauma
Jokaisen tuloksen saaneiden osuus
Persentiili vastausten määrän mukaan
Tuloshistoriasi
Et ole pelannut tätä visaa